01853nam a2200385 i 4500003000400000005001700004008004100021020003900062040002500101082001700126100003400143245005500177246007300232246003000305264008200335264001300417300008300430336002100513336002800534337002500562338002300587490003900610500003700649504006200686505004600748505003700794505004800831505003200879505003400911520038600945650004501331655002801376655002401404830003901428OSt20221103171609.0221031t20212021enkabo jr 001 0 eng d a9781496697066cRM 29.95qpaperback aPPAKbengcPPAKerda04a333.95222231 aBraun, Eric,d1971-eauthor. 10aCAN YOU SAVE AN ENDANGERED SPECIES?cBY ERIC BRAUN3 aCAN YOU SAVE AN ENDANGERED SPECIES? :b AN INTERACTIVE ECO ADVENTURE3 aInteractive eco adventure 1aNorth Mankota, Minnesota : bCapstone Press, an imprint of Capstone, c2021.  4c©2021.  a112 pages : bcolour illustrations, colour map, colour photographs ; c20 cm.  atext2rdacontent astill image2rdacontent aunmediated2rdamedia avolume2rdacarrier1 a You choose books. Eco expeditions a"33 choices. 18 endings"--Cover. aIncludes bibliographical references (page 111) and index. tChapter 1 : Endangered species biologist  tChapter 2: Elephants in Myanmar  tChapter 3: Saving the Scimitar-horned Oryx  tChapter 4: Frogs in Panama  tChapter 5: Endangered species a"Poachers, habitat destruction, overhunting and fishing, and disease all endanger animal species around the world. But you can help save them! Navigate through three different stories in this mission to save a species. With dozens of possible story outcomes, it's up to you to save the animals from extinction. The planet needs you. Will YOU CHOOSE to help?"cProvided by publisher10aEndangered species vJuvenile fiction.  aChoose-your-own stories a Children's stories 0a You choose books. Eco expeditions